000 00645nam a22002057a 4500
003 BUBTL
008 201013b xxu||||| |||| 00| 0 eng d
020 _a9789843491473
082 _a600 / Sa836p
100 _93614
_aSatter, Muhammed Abdus
245 _aPreparing Engineering Programs for Accreditation :
_bA Simple Guide
_cMuhammed Abdus Satter, Mohammad Reza Satter
250 _a1st ed.
260 _cc2020.
300 _aviii, 123p. :
_btables. ;
_c24 cm.
650 0 _93615
_aEngineering
700 _93616
_aSatter, Mohammad Reza
856 _k0
_l0
_yDownload
942 _2ddc
_cBK
999 _c6398
_d6398